000 00661nam a2200289Ia 4500
005 20260324121402.0
008 008 260324s9999 xx 000 0 eng d
020 _a9780203103395
037 _aEBOOK
040 _aCRL
040 _beng
040 _cCRL
041 _2eng
041 _aeng
084 _qCRL
100 _aAngus Phillips
_91162312
245 0 _aTurning the Page
245 4 _bThe Evolution of the Book
260 _bTaylor and Francis
260 _c2014
365 _a
365 _b145
856 _uhttp://www.taylorfrancis.com/books/9780203103395
942 _cEBOOK
999 _c1754375
_d1754375